Harry Potter - Spells - Statistics

General Stats
  • This quiz has been taken 27 times
  • The average score is 26 of 53
Answer Stats
Spell name Incantation % Correct
Cruciatus curse crucio
96%
Killing curse avada kedavra
92%
Summoning charm accio
88%
Unlocking charm alohomora
88%
Patronus charm expecto patronum
88%
Imperius curse imperio
88%
Water-making spell aguamenti
83%
Engorgement charm engorgio
83%
Disarming charm expelliarmus
83%
Wand-lighting charm lumos
83%
Confundus charm confundo
79%
Stunning spell stupefy
79%
Memory charm obliviate
75%
Levitation charm wingardium leviosa
75%
Reductor curse reducto
71%
Wand-extinguishing charm nox
67%
Boggart banishing spell riddikulus
67%
Muffliato charm muffliato
58%
Oppugno charm oppugno
58%
Body-bind curse petrificus totalus
58%
Silencing charm silencio
58%
Impediment jinx impedimenta
54%
Shield charm protego
54%
Bird-conjuring charm avis
50%
Impervius charm impervius
50%
Legilimency spell legilimens
50%
Locomotion charm locomotor
50%
Incarcerous spell incarcerous
46%
Fire-making spell incendio
46%
Vanishing spell evanesco
42%
Shrinking charm reducio
42%
Severing charm diffindo
38%
Doubling charm geminio
38%
Mending charm reparo
38%
Tickling charm rictusempra
38%
Dancing feet spell tarantallegra
38%
Blasting curse confringo
33%
Amplifying charm sonorus
33%
Locking spell colloportus
29%
human-presence-revealing spell homenum revelio
29%
Leg-locker curse locomotor mortis
25%
Muggle-repelling charm repello muggletum
25%
Scouring charm scourgify
25%
Quietening charm quietus
21%
Revealing charm aparecium
17%
Hardening charm duro
17%
Four-point spell point me
17%
Gouging spell defodio
13%
Bandaging charm ferula
13%
Pimple jinx furnunculus
13%
Revuslion jinx relashio
13%
Reviving spell rennervate
8%
Jelly-legs curse locomotor wibbly
4%
No matching quizzes found
Score Distribution
Percent of People with Each Score
Percentile by Number Answered
Your Score History
You have not taken this quiz